000 00654nam a22002057a 4500
005 20100806154752.0
010 _aENG-98737
020 _a9788190630108
_c46.00
035 _aENG-82269
037 _bDBAD/PUB
082 _a660
100 _aElangovan, K.
_98740
245 _aApplied chemistry /
_bby K. Elangovan
250 _a3rd ed
260 _aKaraikudi
_bNational Pathippaham
_c1999
270 _a19, Church Fourth Street, T. T. Nagar,
_bKaraikudi
_e630001
300 _a90p.
_c21cm (pbk)
942 _2ddc
_cEN
_h660
_mELA
999 _c39930
_d39930